000
00354pab a2200157 454500
008
180718b2015 xxu||||| |||| 00| 0 eng d
100
_a
Teltumbde, Anand
245
_a
The holy cow
260
_c
2015
300
_a
p.10-11.
362
_a
4 Apr
650
_a
Cow
650
_a
Livestock
773
_a
Economic and Political Weekly
909
_a
109559
999
_c
109554
_d
109554